| 000 | 00915nam a2200217 a 4500 | ||
|---|---|---|---|
| 001 | 000047986 | ||
| 005 | 20201002060839.0 | ||
| 008 | 181010s1989 dr r 000 0 spa d | ||
| 040 |
_aDO-SdBNP _bspa _cBNPHU |
||
| 082 |
_axxxx _bM832i |
||
| 100 | 1 |
_aMorbán Laucer, Dernando _975501 |
|
| 245 | 1 | 0 |
_aInforme preliminar en relación a las osamentas encontradas por la comisión nombrada por el poder ejecutivo mediante decreto no. 132-88 / _cFernando Morbán Laucer, Abelardo Jiménez Lambertus, Harold Olsen Bogaert. |
| 260 |
_aSanto Domingo : _bMuseo del Hombre Dominicano, _c1989. |
||
| 300 |
_a27 p. : _bil. ; _c21 cm. |
||
| 490 | 1 |
_aPapeles ocacionales _v8 |
|
| 500 | _aIncluye referencias bibliográficas y notas al pie de las páginas | ||
| 590 | _aInventariado, 2018/BT | ||
| 700 | 1 |
_aJiménez Lambertus, Abelardo _921571 |
|
| 700 | 1 |
_aOlsen Bogaert, Harold _923292 |
|
| 830 | 0 |
_aPapeles ocacionales _n8 _975502 |
|
| 999 |
_c47474 _d47474 |
||